[Event "Eupen op"]
[Site "Eupen"]
[Date "1993.??.??"]
[Round "6"]
[White "Vanderwaeren, Serge"]
[Black "Kupreichik, Viktor D"]
[Result "0-1"]
[WhiteElo "2300"]
[BlackElo "2560"]
[PlyCount "48"]
[EventDate "1993.??.??"]
[EventType "swiss"]
[EventRounds "7"]
[EventCountry "BEL"]
[SourceTitle "CBM 033 Extra"]
[Source "ChessBase"]
[SourceDate "1993.05.01"]
[SourceVersion "1"]
[SourceVersionDate "1993.05.01"]
[SourceQuality "1"]

1. c4 g6 2. g3 Bg7 3. Bg2 e5 4. Nc3 c6 5. Nf3 d5 6. cxd5 cxd5 7. d4 e4 8. Ne5
f6 9. Qa4+ Kf8 10. f4 fxe5 11. fxe5 Bh6 12. O-O+ Kg7 13. Qb3 Nc6 14. e3 Nge7
15. Bd2 Qb6 16. Nb5 Be6 17. Rf6 a6 18. Rxe6 Qxb5 19. Qa3 Rhe8 20. Rf1 Nf5 21.
Rxe8 Rxe8 22. Rxf5 gxf5 23. Bf1 Qb6 24. Qd6 Qd8 0-1

[Event "YUG-chT"]
[Site "Cetinje"]
[Date "1993.??.??"]
[Round "1"]
[White "Djuric, Stefan"]
[Black "Kupreichik, Viktor D"]
[Result "0-1"]
[WhiteElo "2485"]
[BlackElo "2560"]
[PlyCount "84"]
[EventDate "1993.??.??"]
[EventType "team"]
[EventRounds "11"]
[EventCountry "YUG"]
[SourceTitle "TD"]
[Source "ChessBase"]
[SourceDate "1994.03.01"]
[SourceVersion "1"]
[SourceVersionDate "1994.03.01"]
[SourceQuality "1"]

1. e4 c5 2. Nf3 d6 3. g3 Nc6 4. Bg2 Nf6 5. d3 g6 6. O-O Bg7 7. c3 O-O 8. Re1 e5
9. a3 a5 10. a4 d5 11. exd5 Nxd5 12. Na3 Rb8 13. Qb3 Nc7 14. Nc4 Be6 15. Qc2 f6
16. Nfd2 Bd5 17. Ne4 b6 18. f4 Re8 19. f5 Ne7 20. fxg6 hxg6 21. g4 Qd7 22. Qe2
Red8 23. Rf1 Ne8 24. Be3 Bc6 25. Qf2 Qxg4 26. Nxe5 Qe6 27. Nxc6 Nxc6 28. d4
cxd4 29. cxd4 f5 30. d5 Qe7 31. dxc6 fxe4 32. Qg3 Rbc8 33. Qxg6 Nf6 34. Rac1
Rd6 35. Bg5 Rcxc6 36. Rxc6 Rxc6 37. h4 Re6 38. h5 Qd7 39. h6 Nh7 40. Qf5 Nxg5
41. hxg7 Qxg7 42. Rd1 Nf3+ 0-1

[Event "YUG-chT"]
[Site "Cetinje"]
[Date "1993.??.??"]
[Round "3"]
[White "Kupreichik, Viktor D"]
[Black "Vasiljevic, Dragan"]
[Result "1-0"]
[WhiteElo "2560"]
[BlackElo "2415"]
[Annotator "Belov,I"]
[PlyCount "75"]
[EventDate "1993.??.??"]
[EventType "team"]
[EventRounds "11"]
[EventCountry "YUG"]
[SourceTitle "CBM 038"]
[Source "ChessBase"]
[SourceDate "1994.02.01"]
[SourceVersion "1"]
[SourceVersionDate "1994.02.01"]
[SourceQuality "1"]

1. e4 e6 2. d4 d5 3. e5 c5 4. c3 Nc6 5. Be3 $5 {Kupreichik/} Qb6 6. Qd2 Nh6 $5
$146 (6... Bd7 7. Nf3 (7. dxc5 $5) 7... Rc8 (7... cxd4 8. Bxd4 $5 Nxd4 9. Nxd4
Ne7 10. Bd3 Nc6 11. Nf3 $13) 8. dxc5 Bxc5 9. Bxc5 Qxc5 10. Qg5 Nge7 $5 11. Nbd2
O-O 12. Bd3 Qb6 13. Bxh7+ Kxh7 14. Qh5+ Kg8 15. Ng5 Rfe8 $1 $8 16. Qxf7+ Kh8
17. Qh5+ Kg8 18. Ndf3 Qb5 $1 $10 {Kupreichik,V-Dolmatov,S Jug 1992 Inf 55/271/}
) 7. Bd3 Ng4 8. Nf3 Nxe3 9. fxe3 Be7 10. O-O O-O 11. Kh1 $14 g6 $6 (11... f6
12. exf6 Bxf6 13. Qc2 h6 (13... g6 14. Nbd2 Kg7 (14... c4 15. Bxg6 $1 $18) 15.
dxc5 Qxc5 16. e4 $14) 14. Nbd2 Bd7 15. dxc5 Qxc5 16. e4 $14) 12. Na3 Bd7 (12...
f6 13. e4 $1 fxe5 14. dxe5) (12... cxd4 13. exd4 Bxa3 14. bxa3 Kg7 15. Ng5 h6
16. Nh3 $16) 13. Nc2 f6 $6 (13... f5 $1) 14. e4 $1 c4 (14... fxe5 15. dxe5 Kg7
16. Ne3 $16) 15. exd5 $1 $16 exd5 (15... cxd3 16. dxc6 dxc2 17. cxd7 Qxb2 18.
Rac1 $18) 16. Be2 Bf5 (16... Be6 $5 17. Rae1 Rae8) 17. Ne3 Be4 18. exf6 Bxf6
19. Ng4 Bg7 (19... Rae8 20. Nxf6+ Rxf6 21. Ng5 Qd8 22. Rxf6 Qxf6 23. Nxe4 Rxe4
24. Bf3 $18) 20. Ng5 Bf5 21. Ne3 Ne7 $8 22. Rae1 h6 23. Nxf5 Nxf5 24. Nh3 Rae8
$6 (24... Qd6 25. Nf4 g5 26. Nh5 $16) 25. Bf3 $18 Qd6 26. g3 (26. Nf4 Ne7 (
26... Nxd4 27. Bxd5+ Kh8 28. cxd4 $18) 27. g3 g5 28. Ne6 Rf6 29. Bh5 $18) 26...
Kh7 27. Nf4 Nh4 28. Bg2 Nxg2 29. Qxg2 g5 30. Nxd5 Rxf1+ 31. Rxf1 Qc6 32. h3 Kh8
33. Nb4 Qd7 34. g4 Re6 35. Kg1 Qd6 36. Nd5 Qc6 37. Qf3 a5 38. Ne3 1-0

[Event "YUG-chT"]
[Site "Cetinje"]
[Date "1993.??.??"]
[Round "10"]
[White "Ivanovic, Bozidar"]
[Black "Kupreichik, Viktor D"]
[Result "0-1"]
[WhiteElo "2470"]
[BlackElo "2560"]
[PlyCount "74"]
[EventDate "1993.??.??"]
[EventType "team"]
[EventRounds "11"]
[EventCountry "YUG"]
[SourceTitle "TD"]
[Source "ChessBase"]
[SourceDate "1994.03.01"]
[SourceVersion "1"]
[SourceVersionDate "1994.03.01"]
[SourceQuality "1"]

1. e4 c5 2. Nf3 d6 3. d4 cxd4 4. Nxd4 Nf6 5. Nc3 Bd7 6. Bg5 e6 7. Ndb5 Bc6 8.
Qf3 a6 9. Nd4 Be7 10. O-O-O Qa5 11. h4 Nbd7 12. Kb1 Rc8 13. Nxc6 Rxc6 14. Bd2
Qc7 15. Qg3 b5 16. Bd3 O-O 17. h5 Kh8 18. Ne2 Nc5 19. f3 e5 20. Qe1 d5 21. Ng3
dxe4 22. Bxe4 Nfxe4 23. fxe4 Na4 24. Ba5 Qb7 25. Nf5 Rfc8 26. Qg3 Bf8 27. Bb4
Nc5 28. Qxe5 Re6 29. Qd5 Rxe4 30. h6 Qxd5 31. Rxd5 Rxb4 32. hxg7+ Bxg7 33. Nd6
Rxb2+ 34. Kc1 Nb3+ 35. axb3 Rcxc2+ 36. Kd1 Rxg2 37. Nxf7+ Kg8 0-1

[Event "Passau op 1st"]
[Site "Passau"]
[Date "1993.??.??"]
[Round "?"]
[White "Krasenkow, Michal"]
[Black "Kupreichik, Viktor D"]
[Result "0-1"]
[WhiteElo "2560"]
[BlackElo "2560"]
[PlyCount "76"]
[EventDate "1993.04.??"]
[EventType "swiss"]
[EventRounds "7"]
[EventCountry "GER"]
[SourceTitle "EXT 2001"]
[Source "ChessBase"]
[SourceDate "2000.11.22"]
[SourceVersion "1"]
[SourceVersionDate "2000.11.22"]
[SourceQuality "1"]

1. d4 Nf6 2. c4 g6 3. Nc3 Bg7 4. e4 d6 5. Nf3 O-O 6. h3 e5 7. d5 a5 8. Bg5 Na6
9. Nd2 Qe8 10. Be2 c6 11. h4 Bd7 12. h5 cxd5 13. Bxf6 Bxf6 14. Nxd5 Bg5 15. Nb6
Rd8 16. Nf3 Be7 17. Qd2 Nc5 18. Nd5 Nxe4 19. Qh6 g5 20. Bd3 f5 21. Bxe4 fxe4
22. Nxg5 Bxg5 23. Qxg5+ Kh8 24. Ne7 Rf7 25. Ng6+ Kg8 26. Rd1 Be6 27. Nf4+ Rg7
28. Qxd8 Qxd8 29. Nxe6 Qb6 30. Nxg7 Kxg7 31. O-O e3 32. fxe3 Qxe3+ 33. Rf2 Qb6
34. Rd3 Kh6 35. Rdf3 Qd4 36. b3 Kxh5 37. Kh2 h6 38. Rg3 Qxf2 0-1

[Event "Passau op 1st"]
[Site "Passau"]
[Date "1993.??.??"]
[Round "?"]
[White "Kupreichik, Viktor D"]
[Black "Farago, Ivan"]
[Result "1-0"]
[WhiteElo "2560"]
[BlackElo "2510"]
[PlyCount "119"]
[EventDate "1993.04.??"]
[EventType "swiss"]
[EventRounds "7"]
[EventCountry "GER"]
[SourceTitle "EXT 2001"]
[Source "ChessBase"]
[SourceDate "2000.11.22"]
[SourceVersion "1"]
[SourceVersionDate "2000.11.22"]
[SourceQuality "1"]

1. e4 e6 2. d4 d5 3. e5 c5 4. c3 Nc6 5. Be3 Qb6 6. Qd2 cxd4 7. cxd4 Nge7 8. Bd3
Nf5 9. Nc3 Bb4 10. Nge2 Bd7 11. O-O Nce7 12. a3 Bxc3 13. bxc3 O-O 14. Rab1 Qc7
15. Bg5 h6 16. Bf4 Ng6 17. Bxf5 exf5 18. Bxh6 gxh6 19. Qxh6 Qc6 20. Qg5 Kh7 21.
Ng3 b6 22. Nh5 Rh8 23. h4 Be6 24. Rbc1 Qc4 25. Rfe1 Qd3 26. Re3 Qd2 27. Rf1
Rac8 28. Nf6+ Kg7 29. h5 Rh6 30. hxg6 Rxg6 31. Nh5+ Kf8 32. Qh4 Rg4 33. Qf6 Rg6
34. Qh4 Rg4 35. Qh2 Re4 36. Rxe4 fxe4 37. Nf4 Rc6 38. Qh4 Ke8 39. Nh5 Kd7 40.
Nf6+ Kc7 41. Ne8+ Kb7 42. Qe7+ Ka6 43. Nd6 Rxd6 44. exd6 e3 45. fxe3 Qxe3+ 46.
Kh2 Qh6+ 47. Kg3 Qg6+ 48. Kf2 Qc2+ 49. Kg1 Qxc3 50. Qh4 Qxa3 51. Qf4 Qa4 52.
Rc1 Kb5 53. Qf1+ Kb4 54. Qe1+ Kb5 55. Qe2+ Ka5 56. Qb2 Qb4 57. Ra1+ Kb5 58.
Qxb4+ Kxb4 59. Rxa7 Kc4 60. d7 1-0

[Event "Passau op 1st"]
[Site "Passau"]
[Date "1993.??.??"]
[Round "?"]
[White "Kupreichik, Viktor D"]
[Black "Shipov, Sergei"]
[Result "1-0"]
[WhiteElo "2560"]
[BlackElo "2490"]
[PlyCount "81"]
[EventDate "1993.04.??"]
[EventType "swiss"]
[EventRounds "7"]
[EventCountry "GER"]
[SourceTitle "EXT 2001"]
[Source "ChessBase"]
[SourceDate "2000.11.22"]
[SourceVersion "1"]
[SourceVersionDate "2000.11.22"]
[SourceQuality "1"]

1. e4 c5 2. Nf3 d6 3. d4 cxd4 4. Nxd4 Nf6 5. Nc3 e6 6. g4 h6 7. Bg2 Nc6 8. h3
a6 9. Nb3 g5 10. f4 gxf4 11. Bxf4 Ne5 12. Bxe5 dxe5 13. Qxd8+ Kxd8 14. O-O-O+
Nd7 15. Rd3 b5 16. a4 b4 17. Nd1 h5 18. gxh5 Rxh5 19. Kb1 Ke8 20. Ne3 Ra7 21.
Ng4 Be7 22. c3 Rh8 23. Rhd1 a5 24. cxb4 axb4 25. Rc1 Ba6 26. Rdd1 Be2 27. Rc8+
Bd8 28. Nf6+ Ke7 29. Rxd7+ Rxd7 30. Nxd7 Kxd7 31. Rc2 Bh5 32. a5 Bg5 33. Rc4
Be3 34. Bf1 f5 35. Rxb4 f4 36. a6 f3 37. Na5 Bd4 38. Rb7+ Kd6 39. Nc4+ Kc6 40.
b4 Bg6 41. Nxe5+ 1-0

[Event "Cattolica op"]
[Site "Cattolica"]
[Date "1993.??.??"]
[Round "9"]
[White "Kupreichik, Viktor D"]
[Black "Laketic, Gojko"]
[Result "1-0"]
[WhiteElo "2535"]
[BlackElo "2410"]
[PlyCount "81"]
[EventDate "1993.05.??"]
[EventType "swiss"]
[EventRounds "9"]
[EventCountry "ITA"]
[SourceTitle "TD"]
[Source "ChessBase"]
[SourceDate "1994.03.01"]
[SourceVersion "1"]
[SourceVersionDate "1994.03.01"]
[SourceQuality "1"]

1. e4 e5 2. Nf3 d6 3. d4 exd4 4. Qxd4 Nf6 5. Bg5 Be7 6. Nc3 O-O 7. O-O-O Nc6 8.
Qd2 Be6 9. h4 a6 10. Qe1 Nd7 11. Kb1 Re8 12. Bxe7 Qxe7 13. Ng5 Rad8 14. f4 Nb6
15. Bd3 Nb4 16. Be2 c5 17. Qf2 Nc6 18. h5 h6 19. Nf3 d5 20. f5 d4 21. fxe6 fxe6
22. Nb5 axb5 23. Bxb5 Qc7 24. Qe2 Rf8 25. a4 Ra8 26. b3 Ne5 27. Rhf1 Qd6 28. c3
Nxf3 29. Rxf3 Qe5 30. cxd4 cxd4 31. Rdf1 Rfc8 32. Ka2 Rc5 33. Qf2 Kh7 34. Rf8
Rxf8 35. Qxf8 Rc2+ 36. Ka3 d3 37. Rb1 d2 38. Be8 Nc4+ 39. bxc4 Qc3+ 40. Rb3
Qa1+ 41. Kb4 1-0

[Event "Politiken Cup 15th"]
[Site "Copenhagen"]
[Date "1993.??.??"]
[Round "7"]
[White "Schandorff, Lars"]
[Black "Kupreichik, Viktor D"]
[Result "0-1"]
[WhiteElo "2420"]
[BlackElo "2560"]
[PlyCount "58"]
[EventDate "1993.06.??"]
[EventType "swiss"]
[EventRounds "10"]
[EventCountry "DEN"]
[SourceTitle "EXT 1999"]
[Source "ChessBase"]
[SourceDate "1998.11.16"]
[SourceVersion "1"]
[SourceVersionDate "1998.11.16"]
[SourceQuality "1"]

1. e4 c5 2. Nf3 d6 3. d4 cxd4 4. Nxd4 Nf6 5. Nc3 a6 6. Bc4 e6 7. Bb3 Nc6 8. f4
Be7 9. Be3 O-O 10. Qf3 Qc7 11. O-O-O Nxd4 12. Bxd4 b5 13. a3 Bd7 14. Qd3 Bc6
15. f5 e5 16. Be3 Rfc8 17. Bg5 b4 18. axb4 a5 19. b5 a4 20. Bxf7+ Kxf7 21. Bxf6
Bxe4 22. Qxe4 Bxf6 23. Nxa4 Ra5 24. Kb1 Rxb5 25. Rd5 Qb7 26. Rhd1 Rb4 27. Qe2
Rxa4 28. Rxd6 Qa8 29. Rxf6+ gxf6 0-1

[Event "Politiken Cup 15th"]
[Site "Copenhagen"]
[Date "1993.??.??"]
[Round "8"]
[White "Kupreichik, Viktor D"]
[Black "Morris, Philip"]
[Result "1-0"]
[WhiteElo "2560"]
[BlackElo "2370"]
[PlyCount "53"]
[EventDate "1993.06.??"]
[EventType "swiss"]
[EventRounds "10"]
[EventCountry "DEN"]
[SourceTitle "EXT 1999"]
[Source "ChessBase"]
[SourceDate "1998.11.16"]
[SourceVersion "1"]
[SourceVersionDate "1998.11.16"]
[SourceQuality "1"]

1. e4 e5 2. Nf3 Nc6 3. Bb5 a6 4. Ba4 Nf6 5. O-O Nxe4 6. d4 b5 7. Bb3 d5 8. dxe5
Be6 9. c3 Bc5 10. Qd3 O-O 11. Nbd2 f5 12. exf6 Nxf6 13. Ng5 Ne5 14. Qg3 Qd6 15.
Rd1 Bf5 16. Ndf3 Nxf3+ 17. Qxf3 Bg6 18. Bf4 Qb6 19. Rxd5 Kh8 20. Rxc5 Qxc5 21.
Ne6 Qb6 22. Bxc7 Qa7 23. Nxf8 Rxf8 24. Be5 Nd7 25. Bd4 Rxf3 26. Bxa7 Rd3 27.
Be3 1-0

[Event "Leeuwarden op"]
[Site "Leeuwarden"]
[Date "1993.??.??"]
[Round "5"]
[White "Kupreichik, Viktor D"]
[Black "Hoeksema, Hendrik Pieter"]
[Result "1-0"]
[WhiteElo "2535"]
[BlackElo "2405"]
[PlyCount "123"]
[EventDate "1993.08.??"]
[EventType "swiss"]
[EventRounds "9"]
[EventCountry "NED"]
[SourceTitle "TD"]
[Source "ChessBase"]
[SourceDate "1994.03.01"]
[SourceVersion "1"]
[SourceVersionDate "1994.03.01"]
[SourceQuality "1"]

1. e4 e5 2. Nf3 Nc6 3. Bb5 Nf6 4. d3 d6 5. c3 a6 6. Ba4 b5 7. Bb3 Be7 8. a4 Bb7
9. O-O O-O 10. Re1 Nb8 11. Nbd2 Nbd7 12. Nf1 Nc5 13. Bc2 Nxa4 14. Bxa4 bxa4 15.
Qxa4 Nd7 16. Be3 Nb6 17. Qb3 Bc8 18. d4 Be6 19. Qc2 f6 20. N1d2 c5 21. dxc5
dxc5 22. Nb3 Qc7 23. Nfd2 Rfd8 24. c4 Nd7 25. Nb1 a5 26. N3d2 Nb6 27. b3 Qc6
28. Nc3 Bf8 29. Ra2 Ra6 30. Rea1 Rda8 31. Nd5 Nc8 32. Nb1 Nd6 33. Nbc3 Nb7 34.
f3 Rd8 35. Qf2 Kh8 36. Nb5 Rc8 37. Bd2 Bxd5 38. exd5 Qb6 39. f4 exf4 40. Bxf4
Raa8 41. Qg3 f5 42. Bc7 Qf6 43. Qe5 Qxe5 44. Bxe5 Kg8 45. d6 Rd8 46. Rd1 Rd7
47. Rd5 Ra6 48. h3 g6 49. g4 fxg4 50. hxg4 Bg7 51. Bg3 Ra8 52. Nc7 Rc8 53. Re2
Bf8 54. Ne8 Kf7 55. Rd3 Be7 56. Rxe7+ Rxe7 57. dxe7 Kxe8 58. Bh4 h6 59. Bf6 Ra8
60. Kf2 Rc8 61. Ke3 Ra8 62. Kd2 1-0

[Event "BL2-West 9394"]
[Site "Germany"]
[Date "1994.??.??"]
[Round "?.1"]
[White "Cuijpers, Frans Andre"]
[Black "Kupreichik, Viktor D"]
[Result "0-1"]
[WhiteElo "2425"]
[BlackElo "2515"]
[PlyCount "108"]
[EventDate "1993.10.??"]
[EventType "team-tourn"]
[EventRounds "9"]
[EventCountry "GER"]
[SourceTitle "GER-chT2"]
[Source "ChessBase"]
[SourceDate "1999.07.01"]
[SourceVersion "1"]
[SourceVersionDate "1999.07.01"]
[SourceQuality "1"]
[WhiteTeam "Muenster"]
[BlackTeam "Plettenberg"]
[WhiteTeamCountry "GER"]
[BlackTeamCountry "GER"]

1. e4 c5 2. Nf3 d6 3. d4 cxd4 4. Nxd4 Nf6 5. Nc3 Bd7 6. Be2 g6 7. g4 h6 8. Be3
e5 9. Ndb5 Bc6 10. Nd5 Nxd5 11. exd5 Bxb5 12. Bxb5+ Nd7 13. Qd2 a6 14. Be2 Be7
15. h4 Bxh4 16. g5 hxg5 17. Bxg5 Bxg5 18. Rxh8+ Nf8 19. Qb4 Qd7 20. Rd1 Rc8 21.
c4 f5 22. Rh3 Rc7 23. Rc3 Be7 24. Qb6 Qc8 25. b4 Nd7 26. Qe3 Kf7 27. Qh6 Nf6
28. Rg3 Qg8 29. c5 Bf8 30. Qh3 Qg7 31. Bc4 Nh5 32. Rg1 e4 33. Bb3 e3 34. fxe3
Qc3+ 35. Kf1 Nf6 36. Qf3 Qxb4 37. c6 a5 38. cxb7 a4 39. Rd4 Qb5+ 40. Qe2 Qxb7
41. Rxa4 Bh6 42. Rh1 Rc1+ 43. Kg2 Rxh1 44. Kxh1 Qe7 45. Kg2 Nh5 46. Kf3 Qe5 47.
Qd2 g5 48. Ke2 Ng3+ 49. Kd3 g4 50. Qh2 Qxe3+ 51. Kc4 Ne4 52. Ra8 Qc5+ 53. Kd3
Qc3+ 54. Ke2 Qd2+ 0-1

[Event "BL2-West 9394"]
[Site "Germany"]
[Date "1994.??.??"]
[Round "?.1"]
[White "Kupreichik, Viktor D"]
[Black "Seitaj, Ilir"]
[Result "1-0"]
[WhiteElo "2515"]
[BlackElo "2410"]
[PlyCount "61"]
[EventDate "1993.10.??"]
[EventType "team-tourn"]
[EventRounds "9"]
[EventCountry "GER"]
[SourceTitle "GER-chT2"]
[Source "ChessBase"]
[SourceDate "1999.07.01"]
[SourceVersion "1"]
[SourceVersionDate "1999.07.01"]
[SourceQuality "1"]
[WhiteTeam "Plettenberg"]
[BlackTeam "Saarbruecken"]
[WhiteTeamCountry "GER"]
[BlackTeamCountry "GER"]

1. e4 e5 2. Nf3 Nc6 3. Bb5 f5 4. Nc3 fxe4 5. Nxe4 Nf6 6. Nxf6+ Qxf6 7. O-O Nd4
8. Re1 Be7 9. Nxd4 exd4 10. Qh5+ g6 11. Qh6 c6 12. Bf1 d5 13. d3 Kf7 14. Rxe7+
Qxe7 15. Bd2 Be6 16. Bf4 Bf5 17. Bg5 Qe5 18. Bf4 Qe7 19. Bd2 Rae8 20. Re1 Qc5
21. Rxe8 Kxe8 22. Qg7 Rf8 23. Bh6 Rf7 24. Qg8+ Ke7 25. h3 Bd7 26. Be2 Rf5 27.
Bg4 Qxc2 28. Bxf5 gxf5 29. Bg5+ Kd6 30. Qf8+ Kc7 31. Bd8+ 1-0

[Event "Berlin"]
[Site "Berlin"]
[Date "1994.??.??"]
[Round "?"]
[White "Verdihanov, Vladislav"]
[Black "Kupreichik, Viktor D"]
[Result "0-1"]
[WhiteElo "2410"]
[BlackElo "2545"]
[PlyCount "68"]
[EventDate "1994.??.??"]
[EventType "game"]
[EventRounds "1"]
[EventCountry "GER"]
[SourceTitle "EXT 2010"]
[Source "ChessBase"]
[SourceDate "2010.11.25"]
[SourceVersion "1"]
[SourceVersionDate "2010.11.25"]
[SourceQuality "1"]

1. d4 Nf6 2. Nf3 g6 3. Bg5 Bg7 4. Nbd2 d6 5. e4 h6 6. Bh4 Nh5 7. c3 Nd7 8. Nc4
g5 9. Bg3 e6 10. Nfd2 Nxg3 11. hxg3 Qe7 12. Ne3 Nf6 13. Qb3 c5 14. e5 dxe5 15.
dxe5 Nd5 16. Nxd5 exd5 17. Qxd5 O-O 18. O-O-O Bf5 19. Nc4 Rad8 20. Nd6 Bg4 21.
f3 Bxe5 22. Rxh6 Bg7 23. Rh1 Be6 24. Qxc5 b6 25. Qc6 Rd7 26. Bd3 Rfd8 27. Bh7+
Kf8 28. Ne4 f5 29. Nf2 Bxc3 30. Kb1 Bxb2 31. Kxb2 Rd2+ 32. Rxd2 Qb4+ 33. Ka1
Rxd2 34. Qa8+ Kg7 0-1

[Event "Eupen op act"]
[Site "Eupen"]
[Date "1994.??.??"]
[Round "5"]
[White "Kupreichik, Viktor D"]
[Black "Sonntag, Hans Hubert"]
[Result "1-0"]
[WhiteElo "2515"]
[BlackElo "2405"]
[PlyCount "83"]
[EventDate "1994.??.??"]
[EventType "swiss"]
[EventRounds "7"]
[EventCountry "BEL"]
[SourceTitle "EXT 1997"]
[Source "ChessBase"]
[SourceDate "1996.11.15"]
[SourceVersion "1"]
[SourceVersionDate "1996.11.15"]
[SourceQuality "1"]

1. e4 e5 2. Nf3 Nc6 3. Bb5 a6 4. Ba4 Nf6 5. O-O Be7 6. Re1 b5 7. Bb3 d6 8. a4
b4 9. d4 Bg4 10. dxe5 dxe5 11. Nbd2 O-O 12. h3 Bxf3 13. Qxf3 Nd4 14. Qg3 Bd6
15. Nc4 Nd7 16. Bg5 Be7 17. Be3 Nxb3 18. cxb3 f6 19. Red1 Qc8 20. Rac1 Rd8 21.
Qf3 c5 22. Qg4 Nf8 23. Nb6 Qxg4 24. hxg4 Rxd1+ 25. Rxd1 Re8 26. Kf1 Kf7 27. Ke2
Rb8 28. Nd7 Rc8 29. Nxf8 Bxf8 30. Rd7+ Ke6 31. Ra7 Rc6 32. g5 fxg5 33. Bxg5 c4
34. bxc4 Rxc4 35. Rxa6+ Kf7 36. Kd3 Rd4+ 37. Kc2 Rxe4 38. Be3 Rg4 39. g3 Bc5
40. f3 b3+ 41. Kxb3 Rxg3 42. Bxc5 1-0

[Event "Nis op"]
[Site "Nis"]
[Date "1994.??.??"]
[Round "?"]
[White "Lazarev, Vladimir"]
[Black "Kupreichik, Viktor D"]
[Result "0-1"]
[WhiteElo "2435"]
[BlackElo "2545"]
[PlyCount "120"]
[EventDate "1994.??.??"]
[EventType "swiss"]
[EventRounds "9"]
[EventCountry "YUG"]
[SourceTitle "EXT 2010"]
[Source "ChessBase"]
[SourceDate "2010.11.25"]
[SourceVersion "1"]
[SourceVersionDate "2010.11.25"]
[SourceQuality "1"]

1. d4 Nf6 2. c4 g6 3. Nc3 Bg7 4. e4 d6 5. Nf3 O-O 6. h3 e5 7. d5 Nh5 8. Nh2 a5
9. g3 Na6 10. Be3 Nc5 11. h4 Nf6 12. Qf3 Ne8 13. h5 f5 14. hxg6 hxg6 15. Qe2 f4
16. Bd2 c6 17. gxf4 exf4 18. Rg1 Qh4 19. Nf3 Qf6 20. Nd1 Na4 21. Rc1 cxd5 22.
cxd5 b6 23. Qc4 Bd7 24. e5 dxe5 25. d6+ Rf7 26. Qe4 Rd8 27. Bc4 Nxd6 28. Bxf7+
Kxf7 29. Qd5+ Ke7 30. Rc7 e4 31. Ng5 Qe5 32. Qxe5+ Bxe5 33. Nh3 Nb5 34. Rxd7+
Kxd7 35. Bxf4 Bxb2 36. Rxg6 Bd4 37. Ng5 Re8 38. Be3 Re5 39. Rg7+ Kc6 40. Nf7
Rh5 41. Nd8+ Kd5 42. Rd7+ Kc4 43. Bxd4 Nxd4 44. Kd2 Nf3+ 45. Ke3 Rd5 46. Rxd5
Kxd5 47. Kf4 Nd2 48. Ke3 Nc4+ 49. Kf4 Kd4 50. Nc6+ Kd3 51. Ne5+ Nxe5 52. Kxe5
b5 53. Kd5 b4 54. Kc6 Nc3 55. Nb2+ Kc2 56. Nc4 a4 57. Kc5 Nxa2 58. Kb5 a3 59.
Ka4 Nc3+ 60. Kxb4 a2 0-1

[Event "YUG-chT Cup"]
[Site "Becici"]
[Date "1994.??.??"]
[Round "?"]
[White "Kupreichik, Viktor D"]
[Black "Barlov, Dragan"]
[Result "1-0"]
[WhiteElo "2515"]
[BlackElo "2500"]
[PlyCount "57"]
[EventDate "1994.??.??"]
[EventType "team"]
[EventRounds "6"]
[EventCountry "YUG"]
[SourceTitle "EXT 2000"]
[Source "ChessBase"]
[SourceDate "1999.11.16"]
[SourceVersion "1"]
[SourceVersionDate "1999.11.16"]
[SourceQuality "1"]

1. e4 c5 2. Nf3 e6 3. Nc3 Nc6 4. Be2 Be7 5. d4 cxd4 6. Nxd4 Nf6 7. Bf4 a6 8. e5
Ng8 9. Nxc6 bxc6 10. Ne4 Qa5+ 11. c3 Qd5 12. Nd2 Bd8 13. O-O Ne7 14. b4 Ng6 15.
Bc4 Nxf4 16. Bxd5 cxd5 17. c4 Bb7 18. c5 Bc7 19. Nf3 O-O 20. a4 f6 21. exf6
Rxf6 22. b5 Raf8 23. c6 dxc6 24. bxc6 Bxc6 25. Rc1 e5 26. g3 Nh3+ 27. Kg2 e4
28. Rxc6 exf3+ 29. Kxh3 1-0

[Event "YUG-chT Cup"]
[Site "Becici"]
[Date "1994.??.??"]
[Round "?"]
[White "Kupreichik, Viktor D"]
[Black "Simic, Radoslav"]
[Result "1-0"]
[WhiteElo "2515"]
[BlackElo "2495"]
[PlyCount "81"]
[EventDate "1994.??.??"]
[EventType "team"]
[EventRounds "6"]
[EventCountry "YUG"]
[SourceTitle "EXT 2000"]
[Source "ChessBase"]
[SourceDate "1999.11.16"]
[SourceVersion "1"]
[SourceVersionDate "1999.11.16"]
[SourceQuality "1"]

1. c4 Nf6 2. Nc3 e5 3. g3 Bb4 4. Bg2 O-O 5. Nf3 Bxc3 6. bxc3 Re8 7. d4 e4 8.
Nd2 b6 9. a4 a5 10. O-O d6 11. f3 e3 12. Ne4 Bb7 13. Nxf6+ Qxf6 14. Qd3 Qe7 15.
f4 Bxg2 16. Kxg2 Nd7 17. Rf3 Nf6 18. h3 h5 19. Bxe3 d5 20. Ra2 Rad8 21. cxd5
Nxd5 22. Bc1 c5 23. Rb2 cxd4 24. Qxd4 h4 25. c4 Nf6 26. Qxb6 hxg3 27. Qxa5 Rd1
28. Be3 Ne4 29. c5 Qh4 30. Qb5 Re6 31. Rb1 Rxb1 32. Qxb1 Nd2 33. Qb8+ Kh7 34.
Rxg3 Rxe3 35. Rxe3 Qe1 36. Qe5 Qf1+ 37. Kg3 g6 38. f5 Qg1+ 39. Kh4 Qf2+ 40. Rg3
Nf1 41. fxg6+ 1-0

[Event "YUG-chT Cup"]
[Site "Becici"]
[Date "1994.??.??"]
[Round "?"]
[White "Kupreichik, Viktor D"]
[Black "Tringov, Georgi Petrov"]
[Result "1-0"]
[WhiteElo "2515"]
[BlackElo "2435"]
[PlyCount "105"]
[EventDate "1994.??.??"]
[EventType "team"]
[EventRounds "6"]
[EventCountry "YUG"]
[SourceTitle "EXT 2000"]
[Source "ChessBase"]
[SourceDate "1999.11.16"]
[SourceVersion "1"]
[SourceVersionDate "1999.11.16"]
[SourceQuality "1"]

1. e4 c5 2. Nf3 d6 3. Nc3 Nf6 4. d4 cxd4 5. Nxd4 e6 6. g4 a6 7. Bg2 Be7 8. O-O
O-O 9. g5 Nfd7 10. f4 Nc6 11. Nce2 Re8 12. b3 Bf8 13. c4 Qc7 14. Kh1 Nxd4 15.
Nxd4 b6 16. Bb2 Bb7 17. Rc1 g6 18. Ne2 Nc5 19. Qc2 Rac8 20. b4 Nd7 21. Qc3 e5
22. f5 a5 23. a3 Ba6 24. b5 Bb7 25. Qe3 Nc5 26. Rc2 Na4 27. Bc1 Qd8 28. Qf2 Rc7
29. Be3 Qa8 30. Ng3 Nc5 31. h4 Nxe4 32. Nxe4 Bxe4 33. Bxb6 Rd7 34. fxg6 hxg6
35. Kh2 a4 36. Re2 Bxg2 37. Qxg2 e4 38. Bd4 d5 39. Qg4 Qb7 40. c5 Qxb5 41. Rf6
Ree7 42. Rb6 Qd3 43. Bf6 e3 44. Rbb2 Re6 45. Qxa4 Rb7 46. Qc2 Qxc2 47. Rbxc2
Bg7 48. c6 Rc7 49. Rc5 Bxf6 50. gxf6 d4 51. Rd5 Re4 52. Rd6 Rxh4+ 53. Kg3 1-0

[Event "Staufer op 06th"]
[Site "Schwaebisch Gmuend"]
[Date "1994.??.??"]
[Round "4"]
[White "Kupreichik, Viktor D"]
[Black "Zeller, Frank"]
[Result "1-0"]
[WhiteElo "2515"]
[BlackElo "2330"]
[PlyCount "89"]
[EventDate "1994.01.??"]
[EventType "swiss"]
[EventRounds "9"]
[EventCountry "GER"]
[SourceTitle "EXT 1997"]
[Source "ChessBase"]
[SourceDate "1996.11.15"]
[SourceVersion "1"]
[SourceVersionDate "1996.11.15"]
[SourceQuality "1"]

1. e4 c5 2. Nf3 d6 3. Nc3 Nc6 4. d4 cxd4 5. Nxd4 Nf6 6. f4 Bg4 7. Qd3 g6 8. Be3
Bg7 9. f5 gxf5 10. exf5 Nxd4 11. Bxd4 Qa5 12. Qb5+ Qxb5 13. Bxb5+ Kd8 14. O-O
Ne8 15. Bxg7 Nxg7 16. Bd3 f6 17. Rae1 Rc8 18. Nd5 Re8 19. Rf4 Bh5 20. Bb5 Bf7
21. Bxe8 Bxd5 22. Ba4 Bxa2 23. Ref1 Rc5 24. c3 Bc4 25. b4 Rc8 26. R1f3 b5 27.
Bd1 Rc6 28. Rh3 Ra6 29. Kf2 Ra2+ 30. Ke1 Rxg2 31. Rg4 Rxg4 32. Bxg4 Bg8 33. Be2
Nxf5 34. Bxb5 d5 35. Bd3 Nd6 36. Rg3 Bf7 37. Bxh7 e5 38. h4 f5 39. Rg5 Be6 40.
h5 Ke7 41. h6 Ne4 42. Rg7+ Kf6 43. Rg6+ Kf7 44. Rxe6 Kxe6 45. Bxf5+ 1-0